000 00326pab a2200145 454500
008 180718b1987 xxu||||| |||| 00| 0 eng d
100 _aBhattacharyya, N.
245 _aDistorted drug policy 1986
260 _c1987
300 _a25-7
362 _a17 Jan.
650 _aDrugs - India
773 _aMainstream
909 _a7473
999 _c7473
_d7473